000 01561cam a2200325 i 4500
003 SA-RiAUC
005 20250828072852.0
008 250824s1999 ua g b 000 0 ara c
020 _a977208256X
020 _a977208256x
040 _aSA-JeALM
_bara
_cSA-RiAUC
_erda
050 4 _b.Q27 1999
082 0 4 _a269
_qSA-RiAUC
090 _a269
_bق ا س
100 1 _aقاسم، عبد الحكيم عبد الغني محمد
_eمؤلف.
245 1 2 _aالمذاهب الصوفية ومدارسها :
_bالمدرسة البغدادية، المدرسة البصرية، المدرسة الرفاعية، المدرسة البدوية، المدرسة القنائية، المدرسة الشاذلية /
_cتأليف عبد الحكيم عبد الغني قاسم.
264 1 _aالقاهرة :
_bمكتبة مدبولي،
_c1989
300 _a202 صفحة :
_bإيضاحيات ؛
_c24 سم
336 _aنص
_btxt
_2rdacontent
_3كتاب
337 _aبدون وسيط
_bn
_2rdamedia
338 _aمجلد
_bnc
_2rdacarrier
500 _aالتجهيزات الفنية : "زهران" للخدمات الإعلامية والدعاية والإعلان ؛ لوحة الغلاف : محمد لطفي.
500 _aغلاف مصور بالألوان.
504 _aببليوجرافية : صفحة 187-198.
504 _aيشتمل على ببليوجرافية.
650 7 _aالطرق الصوفية
_2aucsh
650 7 _aالتصوف الإسلامي
_2aucsh
942 _2ddc
_cBOOK
_n0
949 _aSA-JeALM
_d250824
_umohamedma123
_n1
999 _c11256
_d11256